Educación, ciencia y tecnología: reflexiones de fin de milenio

Gespeichert in:
Bibliographische Detailangaben
1. Verfasser: Israel Zipper, Ricardo (VerfasserIn)
Format: Buch
Sprache:Spanisch
Veröffentlicht: Santiago LOM 1998
Schriftenreihe:Colección Sin Norte
Schlagworte:
Tags: Tag hinzufügen
Keine Tags, Fügen Sie den ersten Tag hinzu!

MARC

LEADER 00000nam a2200000 a 4500
001 UCO1941
003 CL-VaPUC
008 000525e19980000CL |||||||||||||||||spa|d
020 |a 9562820912 
082 0 4 |a 303.4  |b ISR  |2 21 
100 |a Israel Zipper, Ricardo  |e author  |9 605304 
245 1 0 |a Educación, ciencia y tecnología: reflexiones de fin de milenio 
300 |a 139 p 
942 |c BK 
945 |d 20000525 00:00:00  |a vberengu 
260 |a Santiago  |b LOM  |c 1998 
650 0 |a Cambio social   |9 256857 
650 0 |a Cambio cultural  |9 338163 
650 0 |a Ciencia  |9 255691 
650 0 |a Educación  |9 258661 
650 0 |a Sociedad contemporánea  |9 337179 
650 0 |a Tecnología  |9 256742 
651 7 |a CHILE  |2 CL-VaPUC  |9 444491 
583 |a last modification  |c 20160907 04:08:03  |k Rodrigo Vera 
490 0 |a Colección Sin Norte 
999 |c 288491  |d 288489 
952 |0 0  |1 0  |4 0  |6 303_400000000000000_ISR_1998  |7 0  |8 P  |9 336180  |a BIBDER  |b BIBDER  |d 2019-11-20  |i 349814K  |o 303.4 ISR 1998  |p 349814K  |r 2023-01-25  |w 2019-11-20  |y BK  |k DER 
952 |0 0  |1 0  |4 0  |6 303_400000000000000_ISR_1998  |7 0  |8 A  |9 336181  |a FDOPOS  |b FDOPOS  |d 2019-11-20  |i 4312945  |o 303.4 ISR 1998  |p 4312945  |r 2025-01-22  |w 2019-11-20  |y BK  |k MLA 
952 |0 0  |1 0  |4 0  |6 303_400000000000000_ISR_1998  |7 0  |8 P  |9 336182  |a BIBEDU  |b BIBEDU  |c BIBEDU_PB  |d 2019-11-20  |i 4678435  |o 303.4 ISR 1998  |p 4678435  |r 2019-11-20  |w 2019-11-20  |y BK  |k EPE